00226nam a22000857a 4500003000500000005001700005082001600022100003100038245007100069NUST20260219105401.0 a297.122,BUL aBalgrami, Syed Hamid Hasan aFuyooz ul Quran فیوض القران /cSyed Hamid Hasan Balgrami